01474nam a2200289 a 450000100100000000500170001000800410002702000150006804000250008308200200010810000270012824500970015526000360025230000210028850000600030959000250036965000290039465000310042370000350045491000370048995201330052695201330065995201330079295201180092595201240104399900170116700001395220240412074240.0091202s1999 dr 000 0 spa d a9768175125 aDO-SdBNPbspacBNPHU aRD863.44bV719m1 aVillar, Ynoemia93161110aDe mujeres y vampiros :barmagedón /cYnoemia Villar ; prólogo Daisy Cocco de Filippis,. aSanto Domingo :bCocolo,c1999. a162 p. ;c21 cm. aIncluye datos biográficos de la autora en las solapas aInventariado, 2020VM 0aCuentos dominicanos9176 0aLiteratura dominicana.96712aCocco de Filipis, Daisy931612 aValidado. Control de calidad MFF 001054708DSaGRbGRcHDd2014-04-09iLF1l0oRD863.44 V719mp13952-30r2020-06-25te. 3w2020-06-25yLFDSZPréstamo en sala 001054708DSaGRbGRcHDd2014-04-09iLF1l0oRD863.44 V719mp13952-40r2020-06-25te. 4w2020-06-25yLFDSZPréstamo en sala 001054708DSaGRbGRcHDd2014-07-15iLF1l0oRD863.44 V719mp13952-50r2020-06-25te. 5w2020-06-25yLFDSZPréstamo en sala 0010718PDaPDbPDcHDd2009-12-02iLF1l0oRD863.44 V719mp13952-10r2020-06-25w2020-06-25yLFPDZNo se presta 0010718PDaPDbPDcHDd2009-12-02iLF1l0oRD863.44 V719mp13952-20r2020-06-25te. 2w2020-06-25yLFPDZNo se presta c13556d13556